<?xml version="1.0" encoding="UTF-8"?>
<collection xmlns="http://www.loc.gov/MARC21/slim">
<record>
  <controlfield tag="001">159386</controlfield>
  <controlfield tag="005">20250904104205.0</controlfield>
  <datafield tag="037" ind1=" " ind2=" ">
    <subfield code="a">GDOC-2024-30842</subfield>
  </datafield>
  <datafield tag="970" ind1=" " ind2=" ">
    <subfield code="a">GDOC-2024-30842</subfield>
  </datafield>
  <datafield tag="041" ind1=" " ind2=" ">
    <subfield code="a">spa</subfield>
  </datafield>
  <datafield tag="041" ind1=" " ind2=" ">
    <subfield code="a">eng</subfield>
  </datafield>
  <datafield tag="540" ind1=" " ind2=" ">
    <subfield code="a">by-nc-sa</subfield>
    <subfield code="b">Creative Commons</subfield>
    <subfield code="c">3.0</subfield>
    <subfield code="u">http://creativecommons.org/licenses/by-nc-sa/3.0/</subfield>
  </datafield>
  <datafield tag="260" ind1=" " ind2=" ">
    <subfield code="a">Zaragoza</subfield>
    <subfield code="b">Universidad de Zaragoza</subfield>
    <subfield code="c">2024-2025</subfield>
  </datafield>
  <datafield tag="245" ind1="0" ind2="0">
    <subfield code="9">30842</subfield>
    <subfield code="a">Trabajo fin de Grado</subfield>
  </datafield>
  <datafield tag="242" ind1="0" ind2="0">
    <subfield code="9">30842</subfield>
    <subfield code="a">Undergraduate Dissertation</subfield>
  </datafield>
  <datafield tag="100" ind1=" " ind2=" ">
    <subfield code="0">(orcid)0009-0000-8889-1263</subfield>
    <subfield code="a">Vanesa Abad, Calabia</subfield>
    <subfield code="1">755359</subfield>
  </datafield>
  <datafield tag="700" ind1=" " ind2=" ">
    <subfield code="0">(orcid)0000-0003-0865-4159</subfield>
    <subfield code="a">María Abenoza, Giménez</subfield>
    <subfield code="1">527367</subfield>
  </datafield>
  <datafield tag="700" ind1=" " ind2=" ">
    <subfield code="0">(orcid)0000-0003-2430-858X</subfield>
    <subfield code="a">Ignacio Álvarez, Lanzarote</subfield>
    <subfield code="1">324301</subfield>
  </datafield>
  <datafield tag="700" ind1=" " ind2=" ">
    <subfield code="a">Jorge Andaluz, Arbe</subfield>
    <subfield code="1">736503</subfield>
  </datafield>
  <datafield tag="700" ind1=" " ind2=" ">
    <subfield code="0">(orcid)0000-0002-8134-0693</subfield>
    <subfield code="a">Jesús Andrés Arenas, Busto</subfield>
    <subfield code="1">794215</subfield>
  </datafield>
  <datafield tag="700" ind1=" " ind2=" ">
    <subfield code="0">(orcid)0000-0002-4843-2561</subfield>
    <subfield code="a">María Esther Arias, Álvarez</subfield>
    <subfield code="1">402169</subfield>
  </datafield>
  <datafield tag="700" ind1=" " ind2=" ">
    <subfield code="0">(orcid)0000-0001-6325-7100</subfield>
    <subfield code="a">Agustín Alejandro Ariño, Moneva</subfield>
    <subfield code="1">121986</subfield>
  </datafield>
  <datafield tag="700" ind1=" " ind2=" ">
    <subfield code="0">(orcid)0000-0001-8822-7303</subfield>
    <subfield code="a">Esther Asensio, Casas</subfield>
    <subfield code="1">322197</subfield>
  </datafield>
  <datafield tag="700" ind1=" " ind2=" ">
    <subfield code="0">(orcid)0000-0002-1006-5030</subfield>
    <subfield code="a">David Badía, Villas</subfield>
    <subfield code="1">388080</subfield>
  </datafield>
  <datafield tag="700" ind1=" " ind2=" ">
    <subfield code="0">(orcid)0000-0001-7972-0972</subfield>
    <subfield code="a">Livia Balaguer, Bañeras</subfield>
    <subfield code="1">761293</subfield>
  </datafield>
  <datafield tag="700" ind1=" " ind2=" ">
    <subfield code="0">(orcid)0000-0002-1668-4940</subfield>
    <subfield code="a">Susana Bayarri, Fernández</subfield>
    <subfield code="1">330474</subfield>
  </datafield>
  <datafield tag="700" ind1=" " ind2=" ">
    <subfield code="0">(orcid)0000-0001-5053-8309</subfield>
    <subfield code="a">Daniel Berdejo, Martínez</subfield>
    <subfield code="1">651874</subfield>
  </datafield>
  <datafield tag="700" ind1=" " ind2=" ">
    <subfield code="a">Alejandro Berzosa, Córdoba</subfield>
    <subfield code="1">746948</subfield>
  </datafield>
  <datafield tag="700" ind1=" " ind2=" ">
    <subfield code="0">(orcid)0000-0001-5484-6536</subfield>
    <subfield code="a">Fernando Blesa, Moreno</subfield>
    <subfield code="1">123955</subfield>
  </datafield>
  <datafield tag="700" ind1=" " ind2=" ">
    <subfield code="0">(orcid)0000-0002-5904-8506</subfield>
    <subfield code="a">Mónica Bueno, Fernández</subfield>
    <subfield code="1">522555</subfield>
  </datafield>
  <datafield tag="700" ind1=" " ind2=" ">
    <subfield code="0">(orcid)0000-0001-9660-8579</subfield>
    <subfield code="a">Juan Benito Calanche, Morales</subfield>
    <subfield code="1">631634</subfield>
  </datafield>
  <datafield tag="700" ind1=" " ind2=" ">
    <subfield code="a">Silvia Calero, Martínez</subfield>
    <subfield code="1">702799</subfield>
  </datafield>
  <datafield tag="700" ind1=" " ind2=" ">
    <subfield code="0">(orcid)0000-0003-2579-5375</subfield>
    <subfield code="a">Raúl Campillo, Pérez</subfield>
    <subfield code="1">740488</subfield>
  </datafield>
  <datafield tag="700" ind1=" " ind2=" ">
    <subfield code="0">(orcid)0000-0002-5049-3646</subfield>
    <subfield code="a">Guillermo Cebrián, Auré</subfield>
    <subfield code="1">457482</subfield>
  </datafield>
  <datafield tag="700" ind1=" " ind2=" ">
    <subfield code="0">(orcid)0000-0002-3771-0749</subfield>
    <subfield code="a">María del Pilar Conchello, Moreno</subfield>
    <subfield code="1">126065</subfield>
  </datafield>
  <datafield tag="700" ind1=" " ind2=" ">
    <subfield code="0">(orcid)0000-0002-4093-900X</subfield>
    <subfield code="a">Arancha de la Fuente, Blanco</subfield>
    <subfield code="1">564940</subfield>
  </datafield>
  <datafield tag="700" ind1=" " ind2=" ">
    <subfield code="0">(orcid)0000-0001-8893-0963</subfield>
    <subfield code="a">María Celia Domeño, Recalde</subfield>
    <subfield code="1">130041</subfield>
  </datafield>
  <datafield tag="700" ind1=" " ind2=" ">
    <subfield code="0">(orcid)0000-0003-1658-1770</subfield>
    <subfield code="a">Ana María Escudero, Carra</subfield>
    <subfield code="1">109152</subfield>
  </datafield>
  <datafield tag="700" ind1=" " ind2=" ">
    <subfield code="0">(orcid)0009-0008-1441-1683</subfield>
    <subfield code="a">Alberto Fau, Zamorano</subfield>
    <subfield code="1">775059</subfield>
  </datafield>
  <datafield tag="700" ind1=" " ind2=" ">
    <subfield code="0">(orcid)0000-0001-5765-2972</subfield>
    <subfield code="a">Ana María Ferrer, Mairal</subfield>
    <subfield code="1">326580</subfield>
  </datafield>
  <datafield tag="700" ind1=" " ind2=" ">
    <subfield code="0">(orcid)0000-0002-0712-1185</subfield>
    <subfield code="a">Manuel Fondevila, Camps</subfield>
    <subfield code="1">117551</subfield>
  </datafield>
  <datafield tag="700" ind1=" " ind2=" ">
    <subfield code="a">Guillermo Fondevila, Lobera</subfield>
    <subfield code="1">575632</subfield>
  </datafield>
  <datafield tag="700" ind1=" " ind2=" ">
    <subfield code="0">(orcid)0000-0002-7629-8101</subfield>
    <subfield code="a">Diego García, Gonzalo</subfield>
    <subfield code="1">437449</subfield>
  </datafield>
  <datafield tag="700" ind1=" " ind2=" ">
    <subfield code="0">(orcid)0000-0002-6598-8879</subfield>
    <subfield code="a">Ivo García, Penas</subfield>
    <subfield code="1">759313</subfield>
  </datafield>
  <datafield tag="700" ind1=" " ind2=" ">
    <subfield code="0">(orcid)0000-0001-6194-8346</subfield>
    <subfield code="a">Diego Gómez, Lozano</subfield>
    <subfield code="1">486484</subfield>
  </datafield>
  <datafield tag="700" ind1=" " ind2=" ">
    <subfield code="0">(orcid)0000-0002-5306-9365</subfield>
    <subfield code="a">Laura Grasa, López</subfield>
    <subfield code="1">447904</subfield>
  </datafield>
  <datafield tag="700" ind1=" " ind2=" ">
    <subfield code="0">(orcid)0009-0000-9592-6655</subfield>
    <subfield code="a">Paula Guíu, López</subfield>
    <subfield code="1">629564</subfield>
  </datafield>
  <datafield tag="700" ind1=" " ind2=" ">
    <subfield code="0">(orcid)0000-0001-7195-3640</subfield>
    <subfield code="a">Antonio Herrera, Marteache</subfield>
    <subfield code="1">385505</subfield>
  </datafield>
  <datafield tag="700" ind1=" " ind2=" ">
    <subfield code="0">(orcid)0000-0002-2469-0363</subfield>
    <subfield code="a">Marta Herrera, Sánchez</subfield>
    <subfield code="1">520447</subfield>
  </datafield>
  <datafield tag="700" ind1=" " ind2=" ">
    <subfield code="0">(orcid)0000-0002-3244-4699</subfield>
    <subfield code="a">Adrián Honrado, Frías</subfield>
    <subfield code="1">742755</subfield>
  </datafield>
  <datafield tag="700" ind1=" " ind2=" ">
    <subfield code="0">(orcid)0000-0002-4985-298X</subfield>
    <subfield code="a">Joaquina Teresa Juan, Esteban</subfield>
    <subfield code="1">139906</subfield>
  </datafield>
  <datafield tag="700" ind1=" " ind2=" ">
    <subfield code="0">(orcid)0000-0002-3005-2675</subfield>
    <subfield code="a">María Ángeles Latorre, Górriz</subfield>
    <subfield code="1">600979</subfield>
  </datafield>
  <datafield tag="700" ind1=" " ind2=" ">
    <subfield code="0">(orcid)0000-0002-6460-1388</subfield>
    <subfield code="a">Regina María Lázaro, Gistau</subfield>
    <subfield code="1">136797</subfield>
  </datafield>
  <datafield tag="700" ind1=" " ind2=" ">
    <subfield code="0">(orcid)0000-0002-1961-8551</subfield>
    <subfield code="a">Susana Lorán, Ayala</subfield>
    <subfield code="1">182179</subfield>
  </datafield>
  <datafield tag="700" ind1=" " ind2=" ">
    <subfield code="0">(orcid)0000-0002-7971-4828</subfield>
    <subfield code="a">María Pilar Mañas, Pérez</subfield>
    <subfield code="1">322295</subfield>
  </datafield>
  <datafield tag="700" ind1=" " ind2=" ">
    <subfield code="0">(orcid)0000-0003-3384-7534</subfield>
    <subfield code="a">Pedro Marco, Montori</subfield>
    <subfield code="1">486316</subfield>
  </datafield>
  <datafield tag="700" ind1=" " ind2=" ">
    <subfield code="a">Javier Marín, Sánchez</subfield>
    <subfield code="1">759736</subfield>
  </datafield>
  <datafield tag="700" ind1=" " ind2=" ">
    <subfield code="0">(orcid)0000-0002-2266-4655</subfield>
    <subfield code="a">María Teresa Maza, Rubio</subfield>
    <subfield code="1">386797</subfield>
  </datafield>
  <datafield tag="700" ind1=" " ind2=" ">
    <subfield code="0">(orcid)0000-0003-4774-0973</subfield>
    <subfield code="a">Natalia Merino, Almalé</subfield>
    <subfield code="1">700553</subfield>
  </datafield>
  <datafield tag="700" ind1=" " ind2=" ">
    <subfield code="0">(orcid)0000-0001-8146-0364</subfield>
    <subfield code="a">Juan Luis Mora, Hernández</subfield>
    <subfield code="1">391032</subfield>
  </datafield>
  <datafield tag="700" ind1=" " ind2=" ">
    <subfield code="0">(orcid)0000-0002-3348-0843</subfield>
    <subfield code="a">Ignacio Ontañón, Alonso</subfield>
    <subfield code="1">551542</subfield>
  </datafield>
  <datafield tag="700" ind1=" " ind2=" ">
    <subfield code="0">(orcid)0000-0002-0238-6328</subfield>
    <subfield code="a">Rafael Pagán, Tomás</subfield>
    <subfield code="1">333754</subfield>
  </datafield>
  <datafield tag="700" ind1=" " ind2=" ">
    <subfield code="0">(orcid)0000-0003-2555-8425</subfield>
    <subfield code="a">María Dolores Pérez, Cabrejas</subfield>
    <subfield code="1">118179</subfield>
  </datafield>
  <datafield tag="700" ind1=" " ind2=" ">
    <subfield code="0">(orcid)0000-0003-3957-9091</subfield>
    <subfield code="a">Javier Raso, Pueyo</subfield>
    <subfield code="1">128933</subfield>
  </datafield>
  <datafield tag="700" ind1=" " ind2=" ">
    <subfield code="0">(orcid)0000-0001-6375-9784</subfield>
    <subfield code="a">María del Carmen Rota, García</subfield>
    <subfield code="1">121538</subfield>
  </datafield>
  <datafield tag="700" ind1=" " ind2=" ">
    <subfield code="0">(orcid)0000-0002-0269-7337</subfield>
    <subfield code="a">Eduardo Ruiz, Pesini</subfield>
    <subfield code="1">441517</subfield>
  </datafield>
  <datafield tag="700" ind1=" " ind2=" ">
    <subfield code="0">(orcid)0000-0001-6013-3399</subfield>
    <subfield code="a">María Luisa Salvador, Solano</subfield>
    <subfield code="1">129781</subfield>
  </datafield>
  <datafield tag="700" ind1=" " ind2=" ">
    <subfield code="0">(orcid)0000-0001-5964-823X</subfield>
    <subfield code="a">María Lourdes Sánchez, Paniagua</subfield>
    <subfield code="1">115614</subfield>
  </datafield>
  <datafield tag="700" ind1=" " ind2=" ">
    <subfield code="0">(orcid)0000-0002-5086-7839</subfield>
    <subfield code="a">Ana Cristina Sánchez, Gimeno</subfield>
    <subfield code="1">143962</subfield>
  </datafield>
  <datafield tag="700" ind1=" " ind2=" ">
    <subfield code="0">(orcid)0000-0002-3906-4576</subfield>
    <subfield code="a">María Isabel Sanz, Vicente</subfield>
    <subfield code="1">112205</subfield>
  </datafield>
  <datafield tag="700" ind1=" " ind2=" ">
    <subfield code="0">(orcid)0000-0002-4094-3826</subfield>
    <subfield code="a">Pascual Sevillano, Reyes</subfield>
    <subfield code="1">521935</subfield>
  </datafield>
  <datafield tag="700" ind1=" " ind2=" ">
    <subfield code="0">(orcid)0000-0001-5635-413X</subfield>
    <subfield code="a">Eva Tejedor, Calvo</subfield>
    <subfield code="1">683614</subfield>
  </datafield>
  <datafield tag="700" ind1=" " ind2=" ">
    <subfield code="0">(orcid)0000-0003-4284-2807</subfield>
    <subfield code="a">María Pilar Uldemolins, Gómez</subfield>
    <subfield code="1">613092</subfield>
  </datafield>
  <datafield tag="830" ind1=" " ind2=" ">
    <subfield code="9">568</subfield>
  </datafield>
  <datafield tag="856" ind1="4" ind2=" ">
    <subfield code="s">11275</subfield>
    <subfield code="u">http://zaguan.unizar.es/record/159386/files/guia-30842-es.pdf</subfield>
    <subfield code="y">Guía (idioma español)</subfield>
  </datafield>
  <datafield tag="856" ind1="4" ind2=" ">
    <subfield code="s">11459</subfield>
    <subfield code="u">http://zaguan.unizar.es/record/159386/files/guia-30842-en.pdf</subfield>
    <subfield code="y">Guide (english)</subfield>
  </datafield>
  <datafield tag="521" ind1=" " ind2=" ">
    <subfield code="9">112</subfield>
    <subfield code="a">Grado en Ciencia y Tecnología de los Alimentos</subfield>
    <subfield code="b">Degree in Food Science and Technology</subfield>
  </datafield>
  <datafield tag="980" ind1=" " ind2=" ">
    <subfield code="a">GDOC</subfield>
    <subfield code="b">Sciences</subfield>
    <subfield code="b">Ciencias</subfield>
    <subfield code="c">105</subfield>
  </datafield>
</record>
</collection>